A tale from Bali : The kind dragon

Bibliographic Details
Format: Book
Published: P.J : Tioman Books Sdn.Bhd , 1995
Series:Makeway readers
Subjects:

MARC

LEADER 00000cam a2200000 7i4500
001 0000006708
002 000007232
005 20000330.0
020 |a 9839073869 
090 0 0 |a JF   |b MAK 
245 0 2 |a A tale from Bali :   |b The kind dragon   |c retold by Johnny Ong 
260 |a P.J :   |b Tioman Books Sdn.Bhd ,   |c 1995 
300 |a 22 p. :   |b ill. ;   |c 20 cm. 
490 0 |a Makeway readers 
650 0 0 |a Children's stories 
999 |a 038755   |b BUKU   |c PINJAMAN   |e PERPUSTAKAAN KOMUNITI PETALING JAYA